000 00377nam a2200133Ia 4500
008 100328s9999 xx 000 0 und d
082 _b51442
100 _aभावे राम
245 _aबहुरुपी वामन
260 _bपुष्प
630 _aबहुरुपी वामन
730 _aबहुरुपी वामन
942 _cBOOK
999 _c538388
_d538385